LDR 01054naa#a2200181#i#450# 001 RU\INFRA-M\bibl\126390 005 20260705202749.7 011 ## _a2306-1731 100 ## _a20260623b2026####ek#y0rusy0150####ca 102 ## _aRU 200 1# _aИнформационные войны: инструменты трансформации ценностно-смысловых ориентиров современной российской молодёжи _eЖурнальная статья 210 1# _aМосква _cОбщество с ограниченной ответственностью «Научно-издательский центр ИНФРА-М» _d2026 215 ## _a6 с. 608 ## _aЖурнальная статья _2local 675 ## _aОбщественное мнение. Общественно-политическая деятельность.(общественные отношения). Пропаганда. Агитация. 32.019.5 _z 700 #1 _aЗамараева _gЕ. И. 700 #1 _aЗагребельная _gА. В. 856 4# _azh-szf.ru _u